000
00272nam a22001097a 4500
082
_a
621.382 THE
100
_a
MANOR.M
_9
65590
245
_a
COURSE DIGICOM , THEORY AND MODERN PRACTICE OF DIGITAL COMMUNICAITON
260
_a
PDF
_b
PDF
_c
1985
300
_a
277P
942
_c
BK
999
_c
573754
_d
573754